01662nam a2200337 a 4500001001000000003000900010005001700019007000300036008004100039020001800080040003000098041000800128082002300136100003500159245018000194264006400374300004500438336002700483337003300510338002800543490004400571500006100615500007400676504002700750505032800777650005901105700003901164700004401203700003301247830004401280000044782DO-SdBNP20250117091251.0ta150109s2014 dr ac 000 0 spa d a9789945891423 aDO-SdBNPbspacBNPHUerda hspa a741.683bV422a2221 aVega, Bernardo,d1938 -eautor10aAntiguas tarjetas postales dominicanas de la colección de Miguel D. Mena /cedición y textos; Bernardo Vega ; edición Rosario Flores Paz ; introducción Miguel D. Mena. aSanto Domingo :bAcademia Dominicana de la Historia,c2014. a105 páginas :bilustraciones ;c26 cm. ardacontentbtexto2txt ardamediabsin mediación2n ardacarrierbvolumen2nc1 aAcademia Dominicana de la Historiav116 aIncluye datos biográficos de los autor en las solapas. aIncluye referencias bibliográficas y notas al pie de las páginas. aBibliografía : p. 95 aPresentación 9 -- Introducción 11 -- San Pedro de Macorís 19 -- Montecristi 25 -- Puerto Plata 31 -- El Seybo 41 -- Santiago 45 -- La Vega 55 -- Santo Domingo 61 -- Barahona 87 -- Samaná 91 -- Bibliografía 95 -- Índice de imágenes según ciudad 97 -- Publicaciones de la Academia Dominicana de la Historia 99 4aTarjetas postaleszRepública DominicanavCATÁLOGOS12aVega, Bernardo,d1938 -eedición12aMena, Miguel D.,d1961-eintroducción12aFlores Paz, Rosario,eeditor aAcademia Dominicana de la Historiav116